Normal view
MARC view
- Islam and Islamic Courts
Entry Topical Term
001 - CONTROL NUMBER
- control field: 113232
003 - CONTROL NUMBER IDENTIFIER
- control field: NUST
005 - DATE AND TIME OF LATEST TRANSACTION
- control field: 20230622120102.0
008 - FIXED-LENGTH DATA ELEMENTS
- fixed length control field: 230622|| aca||aabn | a|a d
040 ## - CATALOGING SOURCE
- Original cataloging agency: NUST
- Transcribing agency: NUST
150 ## - HEADING--TOPICAL TERM
- Topical term or geographic name entry element: Islam and Islamic Courts
670 ## - SOURCE DATA FOUND
- Source citation: Work cat.: (NUST): Siddique, Abu Bakkar 113231, Al- Mosoaa Tul-Qazayah:, 2004.
